|
|
|
|
| LEADER |
00000nab a2200000 ar4500 |
| 001 |
vtls008624149 |
| 003 |
SK-MaSNL |
| 005 |
20260319070342.0 |
| 008 |
060207c20060116xo |||||||| 000 b|hun |
| 015 |
|
|
|a SNBRB2006/02
|2 snkbucl
|
| 038 |
|
|
|a SNKBUCL
|
| 040 |
|
|
|a DSZK
|b slo
|c DSZK
|e AACR2
|
| 041 |
0 |
|
|a slo
|
| 044 |
|
|
|a xo
|c SK
|
| 080 |
|
|
|a 655.413(437.6)(=511.141):655.55
|2 UDC-MRF-SK2
|
| 080 |
|
|
|a 655.55
|2 UDC-MRF-SK2
|
| 100 |
1 |
|
|a Mislay, Edit,
|d 1966-
|4 aut
|9 840400
|
| 245 |
1 |
0 |
|a Feminin muzsika, "szent emberek"
|b válogatás a Madách-Posonium Kiadó közelmúltban megjelent köteteiből ...
|c Mislay Edit
|
| 300 |
|
|
|b Fotogr.
|
| 610 |
2 |
7 |
|a Madách-Posonium (Bratislava, Slovensko)
|2 snkbucl
|9 1032074
|
| 650 |
0 |
7 |
|a knižné novinky
|2 snkbucl
|9 265532
|
| 773 |
0 |
|
|t Új szó
|g Évf. 59, sz. 12 (16.1.2006), o. 6
|
| 852 |
|
|
|a SNK
|b KIS3GCP
|
| 852 |
|
|
|a DSZK
|b KIS3GCP
|
| 958 |
|
|
|a HU
|
| 958 |
|
|
|a SK
|
| 958 |
|
|
|a KL
|
| 999 |
|
|
|c 1761621
|d 1763551
|